| 000 | 01054naa a22002897a 4500 | ||
|---|---|---|---|
| 001 | BR8300187 | ||
| 003 | BR-BrBNA | ||
| 005 | 20240918175220.0 | ||
| 007 | ta | ||
| 008 | 230509b bl.||||| |||| 00| 0 por d | ||
| 040 |
_aBR-BrBNA _bpor _cBiblioteca Nacional de Agricultura |
||
| 041 | _a(Pt) | ||
| 072 |
_aH00; E70 _b3870 |
||
| 090 | _aH00 BR8300187 | ||
| 100 | 1 | _aAlmeida, W.F. de | |
| 245 | 1 | _aToxicidade dos pesticidas, seu controle e restricoes de venda | |
| 246 | 1 | _a[Toxicity of pesticides, their control and sale limitations] | |
| 246 | 1 | _a[The use of pesticides and agronomic prescription book] | |
| 260 | 3 |
_aSao Paulo, SP (Brasil): _bAgroedicoes, _c1982. |
|
| 500 | _aUso de agrotoxicos e receituario agronomico Sao Paulo, SP (Brasil): Agroedicoes, 1982. p. 59-73 (BR8300187-AM)H00 | ||
| 650 | _aPESTICIDA | ||
| 650 | _aTOXIDEZ | ||
| 650 | _aVENDA | ||
| 773 | 0 |
_tUso de agrotoxicos e receituario agronomico _wH00 BR8300187 _gSao Paulo, SP (Brasil), 1982. p. 59-73 |
|
| 909 |
_a202404 _bLucia _c55 _dLucia Elande |
||
| 942 |
_cAM _2AGRIS |
||
| 999 |
_c315667 _d315667 |
||